00747 2200265 4500001002300000005001700023006001900040008004100059035002500100040001200125082001400137084001400151090004500165100003300210245008000243260004400323300003000367850001500397990000900412990000900421990000900430990000900439990001000448990002300458NBPULOB00000000001100120140717100300.0a ||| | 161121| ||| |  a0010-071400000001407 aNPBULOB0 a398.rah.c a398.rah.c a300/Ilmu Pengetahuan Sosial/R. Baca Anak0 aMb. Rahimsyah & Irsyadu Anam00aCerita Rakyat Jawa Timur ( Asal Mula Kasadha Brama & Dewi Roro Sanggalangit aSurabayabMitra Cendekia Surabayac2006 a64 HalmbIlusc20 x 14 cm aKPAD Lobar a4201 a4202 a4203 a4204 a12553 a12.554 / Sumb / 07